Introduction to Electromagnetic Fields (Record no. 37127)

MARC details
000 -LEADER
fixed length control field 00430nam a2200169Ia 4500
008 - FIXED-LENGTH DATA ELEMENTS--GENERAL INFORMATION
fixed length control field 230524s9999 xx 000 0 und d
082 ## - DEWEY DECIMAL CLASSIFICATION NUMBER
Classification number 530
Item number PAU
100 ## - MAIN ENTRY--AUTHOR NAME
Personal name Clayton R.Paul
245 #0 - TITLE STATEMENT
Title Introduction to Electromagnetic Fields
250 ## - EDITION STATEMENT
Edition statement 3RD
260 ## - PUBLICATION, DISTRIBUTION, ETC. (IMPRINT)
Place of publication NEW DELHI
Name of publisher TMH
Year of publication 2007
300 ## - PHYSICAL DESCRIPTION
Number of Pages XV;747
500 ## - GENERAL NOTE
General note Quantity Number: 2
650 ## - SUBJECT ADDED ENTRY--TOPICAL TERM
Topical Term Physics
700 ## - ADDED ENTRY--PERSONAL NAME
Personal name " Keith W.Whites , Syed A.Nasar,,,"
942 ## - ADDED ENTRY ELEMENTS (KOHA)
Koha item type Books
Holdings
Lost status Damaged status Permanent Location Current Location Shelving location Date acquired Full call number Accession Number Koha item type
    Central Library, Trident Academy of Technology Central Library, Trident Academy of Technology General Stacks 05/24/2023 530 PAU 16773 Books
    Central Library, Trident Academy of Technology Central Library, Trident Academy of Technology General Stacks 05/24/2023 530 PAU 16774 Books
Trident Academy of Technology © 2023.
All rights reserved.                                                                                                                                                                                                        Designed by Team of Central Library .

Powered by Koha